[Event "Mimoza Open"]
[Site "Herceg Novi SCG"]
[Date "2005.03.01"]
[Round "6"]
[White "Todorovic,J"]
[Black "Stanojevic,B"]
[Result "1-0"]
[WhiteElo "2387"]
[BlackElo "2319"]

1.e4 e6 2.d4 d5 3.Nc3 Bb4 4.e5 Qd7 5.Qg4 f5 6.Qg3 b6 7.Nh3 Ba6 8.Bxa6 Nxa6
9.Nf4 c5 10.O-O Bxc3 11.bxc3 cxd4 12.cxd4 Nb4 13.c3 Nc6 14.Nxe6 Qxe6 15.Qxg7 O-O-O
16.Qxh8 Qg6 17.f4 Re8 18.Rf3 Nd8 19.Rg3 Qh5 20.Rxg8 Qd1+ 21.Kf2 Qc2+ 22.Bd2 Qxd2+
23.Kg1 Rxg8 24.Qxg8 Qxc3 25.Rd1 Qc2 26.Rf1 Qc4 27.Qxh7 Qxd4+ 28.Kh1 Qc4 29.Qxf5+ Kb7
30.Rd1  1-0

[Event "Sozina Open"]
[Site "Bar SCG"]
[Date "2005.03.05"]
[Round "2"]
[White "Todorovic,J"]
[Black "Drasko,M"]
[Result "1/2-1/2"]
[WhiteElo "2387"]
[BlackElo "2512"]

1.e4 e6 2.d4 d5 3.Nc3 Bb4 4.e5 Ne7 5.a3 Bxc3+ 6.bxc3 c5 7.Nf3 h6 8.h4 b6
9.Bb5+ Bd7 10.Bd3 Nbc6 11.h5 Qc7 12.O-O O-O 13.Bf4 f5 14.Be2 Rac8 15.Ne1 Na5
16.g3 cxd4 17.cxd4 Qc3 18.Ra2 Nc4 19.Ng2 Nb2 20.Qc1 Na4 21.Be3 Qc7 22.Bd3 a6
23.Nf4 Qb7 24.Kh2 Rc7 25.f3 Qc8 26.Rf2 Bb5 27.Qe1 Nc3  1/2-1/2

[Event "TCh-BEL2 2004-5"]
[Site "Belgium BEL"]
[Date "2005.03.06"]
[Round "10"]
[White "Froeyman,H"]
[Black "Hammes,M"]
[Result "1/2-1/2"]
[WhiteElo "2316"]
[BlackElo "2357"]

1.e4 e6 2.d4 d5 3.Nc3 Bb4 4.e5 Ne7 5.a3 Bxc3+ 6.bxc3 c5 7.Qg4 O-O 8.Bd3 Nbc6
9.Qh5 Ng6 10.Nf3 Qc7 11.Be3 c4 12.Bxg6 fxg6 13.Qg4 Qe7 14.h4 Rf5 15.h5 gxh5
16.Rxh5 Rxh5 17.Qxh5 Bd7 18.Kd2 Be8 19.Qh4 Bg6 20.Qxe7 Nxe7 21.Rb1 b6 22.Bg5 Kf7
23.Nh4 Nf5 24.Nxf5 Bxf5 25.Be3 h6  1/2-1/2

[Event "NWAPA Rector Cup"]
[Site "St Petersburg RUS"]
[Date "2005.03.07"]
[Round "6"]
[White "Doluhanova,E"]
[Black "Gavrilov,O"]
[Result "0-1"]
[WhiteElo "2297"]
[BlackElo "2326"]

1.e4 e6 2.d4 d5 3.Nc3 Bb4 4.e5 b6 5.Bd2 Ne7 6.a3 Bxc3 7.Bxc3 Nf5 8.Nf3 Ba6
9.Bxa6 Nxa6 10.Qd3 Nb8 11.g4 Ne7 12.O-O-O Qd7 13.Ng5 h6 14.Nh3 c5 15.Nf4 g6
16.dxc5 bxc5 17.Qf3 Qc6 18.Rhe1 Nd7 19.Ba5 Rb8 20.Nd3 Qb5 21.b4 Nc6 22.Nf4 O-O
23.Bc7 cxb4 24.Bxb8 Rxb8 25.Nxd5 Ndxe5 26.Rxe5 Nxe5 27.Ne7+ Kf8 28.Qf6 bxa3
29.g5 Qb1+ 30.Kd2 Rd8+  0-1

[Event "NWAPA Rector Cup"]
[Site "St Petersburg RUS"]
[Date "2005.03.09"]
[Round "8"]
[White "Melnikov,D"]
[Black "Gavrilov,O"]
[Result "0-1"]
[WhiteElo "2301"]
[BlackElo "2326"]

1.e4 e6 2.d4 d5 3.Nc3 Bb4 4.e5 b6 5.a3 Bf8 6.f4 Ne7 7.Nf3 Qd7 8.Ne2 Ba6 9.g3 h5
10.Bg2 Nf5 11.O-O c5 12.Re1 Nc6 13.dxc5 Bxc5+ 14.Kh1 Bf2 15.Rf1 Be3 16.Re1 O-O-O
17.c3 h4 18.Bxe3 Nxe3 19.Qc1 Nxg2 20.Kxg2 d4 21.Nexd4 Nxd4 22.cxd4+ Kb8 23.Qe3 Bb7
24.Rad1 Qd5 25.g4 Rc8 26.Rc1 Rhd8 27.Rxc8+ Rxc8 28.Re2 Rc1 29.Rd2 Re1 30.Qc3 Re4
31.Rc2 Rxf4  0-1

[Event "Tch-FIN 2004-5"]
[Site "Finland FIN"]
[Date "2005.03.13"]
[Round "9"]
[White "Kokkila,T"]
[Black "Kytoniemi,J"]
[Result "1-0"]
[WhiteElo "2296"]
[BlackElo "2295"]

1.e4 e6 2.d4 d5 3.Nc3 Bb4 4.e5 Qd7 5.Bd2 b6 6.Bb5 c6 7.Ba4 Ba6 8.Nce2 Bf8
9.Nf3 Ne7 10.O-O Nf5 11.Re1 b5 12.Bb3 c5 13.c3 Nc6 14.Bc2 Nh6 15.Bxh6 gxh6
16.dxc5 Bxc5 17.b4 Bb6 18.Qd2 O-O-O 19.Rad1 Qc7 20.Ned4 Nxd4 21.cxd4 Kb8
22.Bd3 Qe7 23.a3 f5 24.exf6 Qxf6 25.Qe3 Rd6 26.a4 Rg8 27.axb5 Bb7 28.Bxh7 Rg4
29.Ne5 Rg7 30.Bd3 Ka8 31.Bf1 h5 32.Qf3 Qe7 33.Qxh5 Rh7 34.Qg6 Rg7 35.Qd3 Qh4
36.Re3 Rd8 37.Rh3 Qf6 38.Rg3 Rh8 39.Rxg7 Qxg7 40.g3 Rh4 41.Nf3 Re4 42.Bg2 Qf6
43.h4 Qe7 44.Qc3 Qf6 45.Rd3 Re2 46.Re3 Rxe3 47.Qxe3 Bc7 48.Qg5 Qf8 49.h5 Bd8
50.Qg6 Bf6 51.g4  1-0

[Event "Tch-FIN 2004-5"]
[Site "Finland FIN"]
[Date "2005.03.13"]
[Round "9"]
[White "Westerinen,H"]
[Black "Kekki,P"]
[Result "0-1"]
[WhiteElo "2371"]
[BlackElo "2375"]

1.e4 e6 2.d4 d5 3.Nc3 Bb4 4.e5 Ne7 5.a3 Bxc3+ 6.bxc3 c5 7.Nf3 Qc7 8.Be2 b6
9.O-O Ba6 10.a4 Bxe2 11.Qxe2 Nd7 12.Ba3 O-O 13.c4 dxc4 14.Qxc4 Nd5 15.Qd3 Rfd8
16.Ng5 Nf8 17.f4 Ne7 18.c3 Rd5 19.Qe4 Rad8 20.dxc5 bxc5 21.Qc4 Nf5 22.Rae1 h5
23.Ne4 Qc6 24.Qb5 Qa8 25.Bxc5 Nd7 26.Qb4 a5 27.Qa3 Nxc5 28.c4 Nxe4 29.cxd5 Qa7+  0-1

[Event "Tch-FIN 2004-5"]
[Site "Finland FIN"]
[Date "2005.03.13"]
[Round "9"]
[White "Pulkkinen,K"]
[Black "Raaste,E"]
[Result "1-0"]
[WhiteElo "2319"]
[BlackElo "2309"]

1.e4 e6 2.d4 d5 3.Nc3 Bb4 4.e5 Qd7 5.a3 Bf8 6.Nf3 b6 7.Bb5 c6 8.Ba4 Ba6 9.Ne2 Bb5
10.Bxb5 cxb5 11.O-O Nc6 12.c3 Na5 13.Nf4 g6 14.Re1 h5 15.Nd3 Be7 16.a4 bxa4
17.Rxa4 Nh6 18.Bxh6 Rxh6 19.h4 Kf8 20.Ra2 Kg7 21.Ng5 Qd8 22.Qd2 Rh8 23.Qf4 Rf8
24.Re3 Qe8 25.g4 hxg4 26.Qxg4 Rh8 27.Rf3 Bxg5 28.Qxg5 Qd8 29.Rf6 Rh5 30.Qg4 Qh8
31.Nf4 Rh6 32.h5 Nb3 33.Rxf7+ Kxf7 34.Qxe6+ Kg7 35.Qd7+ Kf8 36.Ne6+ Kg8 37.Ng5  1-0

[Event "XXXXII Open"]
[Site "La Roda ESP"]
[Date "2005.03.26"]
[Round "7"]
[White "Saldano,H"]
[Black "Kononenko,T"]
[Result "1-0"]
[WhiteElo "2482"]
[BlackElo "2374"]

1.e4 e6 2.d4 d5 3.Nc3 Bb4 4.e5 Ne7 5.a3 Bxc3+ 6.bxc3 c5 7.Bd3 Nbc6 8.Nf3 Qc7
9.O-O Bd7 10.c4 f6 11.Re1 fxe5 12.Nxe5 Nxe5 13.Bf4 O-O 14.Bxe5 Qd8 15.Qg4 Rf7
16.Re3 Nf5 17.Rh3 dxc4 18.Bxf5 exf5 19.Qh5 h6 20.f4 Rc8 21.Rg3 Rc6 22.Rb1 Be8
23.h3 Re6 24.Kh2 b6 25.Rc1 a5 26.Re1 Qc8 27.Ree3 Qc6 28.Qe2 Bd7 29.Qf3  1-0

[Event "Open"]
[Site "Coventry ENG"]
[Date "2005.03.28"]
[Round "8"]
[White "Miller,N"]
[Black "Fowler,S"]
[Result "0-1"]
[WhiteElo "1988"]
[BlackElo "2116"]

1.e4 e6 2.d4 d5 3.Nc3 Bb4 4.e5 Ne7 5.Qg4 c5 6.Bg5 cxd4 7.Qxd4 Nbc6 8.Bb5 O-O
9.Bxc6 Nxc6 10.Bxd8 Nxd4 11.O-O-O Nxc2 12.Bh4 Na3 13.Rd3 Nc4 14.f4 b6 15.Nh3 Ba6
16.Rg3 Kh8 17.a3 Bxc3 18.Rxc3 Rac8 19.Be7 Rfe8 20.Bb4 d4 21.Rg3 Nxa3+ 22.Kd1 Nc2
23.Ng5 Nxb4 24.Nxf7+ Kg8 25.Nd6 Red8 26.Nxc8 Rxc8 27.Ra3 Bc4 28.Kd2 Bd5 29.Rc1 Rxc1
30.Kxc1 a5 31.g3 Be4 32.Kd2 h5 33.h3 Bf5 34.h4 Be4 35.Ra1 Kh7 36.Rg1 Bf5
37.Re1 Nd3  0-1

[Event "Spring Open"]
[Site "Belgrade SCG"]
[Date "2005.03.31"]
[Round "7"]
[White "Sarenac,I"]
[Black "Tasic,Z"]
[Result "1-0"]
[WhiteElo "2064"]
[BlackElo "2245"]

1.e4 e6 2.d4 d5 3.Nc3 Bb4 4.e5 Ne7 5.a3 Bxc3+ 6.bxc3 c5 7.a4 b6 8.Nf3 Qc7
9.Qd2 Nbc6 10.Be2 Bd7 11.O-O O-O 12.Qg5 f6 13.exf6 Rxf6 14.Qg3 Qxg3 15.hxg3 cxd4
16.cxd4 Nf5 17.Rd1 Rc8 18.Ba6 Rc7 19.Bf4 Rc8 20.Bxc8 Bxc8 21.c3 h6 22.Ne5 Na5
23.Bc1 Nd6 24.Ba3 Ne4 25.Bb4 Nxf2 26.Rf1 Ne4 27.Bxa5 bxa5 28.Rfb1 Rf8 29.Ng6 Rf7
30.Rb8 Kh7 31.Rxc8 Kxg6 32.Rc6 Re7 33.Kh2 Nd2 34.Re1 Kf5 35.Re5+ Kf6 36.Rxd5 Nf1+
37.Kh3 g5 38.g4 Kf7 39.Rxa5 Ne3 40.Re5 Nd5 41.Kg3 Nf4 42.a5 Rb7 43.a6 Rb2
44.Rc7+ Kf6 45.Kf3 Rxg2 46.Rxa7 Ra2 47.Rc5 Nd3 48.Rcc7 Ne1+ 49.Ke3 Ng2+ 50.Kd3 Nf4+
51.Kc4 e5 52.d5 e4 53.Rc6+ Ke5 54.Re7+ Ne6 55.Rcxe6+ Kf4 56.Rxe4+  1-0

[Event "ch-FRA Top 16 GpA"]
[Site "Noyon FRA"]
[Date "2005.03.31"]
[Round "4"]
[White "Gouliev,N"]
[Black "Apicella,M"]
[Result "1-0"]
[WhiteElo "2514"]
[BlackElo "2543"]

1.e4 e6 2.d4 d5 3.Nc3 Bb4 4.e5 Ne7 5.Qg4 c5 6.a3 Bxc3+ 7.bxc3 O-O 8.Bd3 Nbc6
9.Qh5 Ng6 10.Nf3 Qc7 11.Be3 c4 12.Bxg6 fxg6 13.Qg4 Qf7 14.h4 Qf5 15.Qxf5 gxf5
16.h5 h6 17.Nh4 Ne7 18.g3 Bd7 19.Kd2 Rac8 20.Rab1 Rb8 21.Ng2 Rfc8 22.Nf4 Rc6
23.f3 Ra6 24.Ra1 b5 25.g4 Ra4 26.Rhg1 fxg4 27.fxg4 a5 28.Bf2 Kh7 29.Bh4 Nc6
30.Ng6 b4 31.axb4 Rxa1 32.Rxa1 axb4 33.cxb4 Nxd4 34.Ra7 Bc6 35.Rc7 Nf3+ 36.Ke2 Nxh4
37.Nxh4 Ba4 38.c3 d4 39.Kd2 dxc3+ 40.Kxc3 Bd1 41.Rxc4 Be2 42.Re4 Rc8+ 43.Kd2 Bb5
44.Ng6 Rd8+ 45.Kc3 Rc8+ 46.Kd4 Rd8+ 47.Kc5 Rd5+ 48.Kb6 Bd3 49.Rf4 Bxg6 50.hxg6+ Kxg6
51.Re4 h5 52.gxh5+ Kxh5 53.b5 g5 54.Kc6 g4 55.b6 Rd1 56.Rb4 g3 57.b7 g2 58.b8=Q g1=Q
59.Qh8+ Kg6 60.Qf6+  1-0

[Event "It C"]
[Site "Dos Hermanas ESP"]
[Date "2005.04.02"]
[Round "2"]
[White "Fernandez Garcia,Jo"]
[Black "Kononenko,T"]
[Result "1/2-1/2"]
[WhiteElo "2468"]
[BlackElo "2416"]

1.e4 e6 2.d4 d5 3.Nc3 Bb4 4.e5 Ne7 5.Nf3 c5 6.dxc5 Nd7 7.Bd3 Nc6 8.O-O Ndxe5
9.Nxe5 Nxe5 10.Bf4 Nxd3 11.Qxd3 O-O 12.Bd6 Re8 13.Nb5 Ba5 14.Bg3 Rf8 15.a3 a6
16.Nd6 Bc7 17.c4 b6 18.cxd5 bxc5 19.Rfd1 exd5 20.Qxd5 Bg4 21.Rd2 Ba5 22.Nb7 Qxd5
23.Rxd5 Be6 24.Rxc5 Bb6 25.Rc2 Rfc8 26.Rd2 Ra7 27.Nd6 Rc6 28.h3 h5 29.Rad1 Rd7
30.Ne4 Rxd2 31.Rxd2 f6 32.b4 Kf7 33.h4 Kg6 34.Nd6 Rc3 35.Ne4 Rxa3 36.Rd6 Bf5
37.Nc5 Bxc5 38.bxc5 Ra1+ 39.Kh2 Rc1 40.Rc6 a5 41.Rc7 a4 42.Bd6 Rd1 43.Ra7 Rd4
44.Bf8 Bd7  1/2-1/2

[Event "Weekender"]
[Site "Cork IRL"]
[Date "2005.04.03"]
[Round "6"]
[White "Medvegy,Z"]
[Black "Ryan,Jo"]
[Result "1/2-1/2"]
[WhiteElo "2474"]
[BlackElo "2328"]

1.e4 e6 2.d4 d5 3.Nc3 Bb4 4.e5 Ne7 5.Nf3 c5 6.a3 Bxc3+ 7.bxc3 Bd7 8.Bd3 Ba4
9.O-O Nd7 10.Ng5 h6 11.Nh3 Qc7 12.Be3 O-O-O 13.Qd2 Kb8 14.Nf4 Rc8 15.Nh5 Rhg8
16.Bh7 Rh8 17.Bd3 Rhg8 18.Ra2 Qa5 19.Rb1 Nc6 20.Rab2 Rc7 21.dxc5 Nxc5 22.Bf4 a6
23.h4 Na7 24.Rb4 Bb5 25.Bxb5 Nxb5 26.c4 dxc4 27.Nxg7 c3 28.Qd1 Nxa3 29.Nh5 Nxb1
30.Rxb1 Rd7 31.Qf3 Qa2 32.Rc1 Rd2 33.Nf6 Rgd8 34.Qxc3 R2d4 35.Bxh6 Rxh4 36.Qxc5 Rxh6
37.Nd7+ Rxd7 38.Qf8+ Ka7 39.Qxh6 Qd5 40.Qe3+ Qd4 41.Qg3 Qd2 42.Qa3 Rd5 43.Qa1 Qa5
44.Qxa5 Rxa5 45.f4 Rc5 46.Kf2 a5 47.Ke3 Rc3+ 48.Kd4 Rg3 49.c4 Rxg2 50.Rh1 Kb6
51.Rh7 a4 52.Rxf7 a3 53.Rf8 Ka7 54.Rh8 a2 55.Rh1 Kb6 56.Ra1 Kc6 57.Kc3 Rf2
58.Kb4 b6 59.Kb3 Rxf4 60.Rxa2 Re4 61.Kb4 Rxe5 62.Ra8 Re1 63.Rc8+ Kd6 64.Rb8 Rb1+
65.Kc3 e5 66.Kc2 Kc7 67.Re8 Re1 68.Kd2 Re4 69.Kd3 Re1 70.Kd2 Re4  1/2-1/2

[Event "ch-FRA Top 16 GpA"]
[Site "Noyon FRA"]
[Date "2005.04.03"]
[Round "7"]
[White "Fressinet,L"]
[Black "Nguyen Chi Minh"]
[Result "1-0"]
[WhiteElo "2638"]
[BlackElo "2370"]

1.e4 e6 2.d4 d5 3.Nc3 Bb4 4.e5 Ne7 5.Qg4 Nf5 6.Nf3 Nc6 7.Bd3 h5 8.Qf4 Nce7
9.Nh4 Nxh4 10.Qxh4 Nf5 11.Qxd8+ Kxd8 12.Bg5+ Ke8 13.a3 Ba5 14.Be3 c5 15.Bxf5 Bxc3+
16.bxc3 cxd4 17.cxd4 exf5 18.Kd2 b6 19.a4 Ba6 20.h4 Kd7 21.f3 Kc6 22.Bg5 Bc8
23.a5 b5 24.Ra3 a6 25.Rc3+ Kb7 26.Rc5 Be6 27.Be7 Rae8 28.Bd6 Rc8 29.Ke3 Rxc5
30.dxc5 Kc6 31.c3 f6 32.Kd4 fxe5+ 33.Bxe5 Re8 34.Bxg7 Rg8 35.Re1 Bf7 36.Bh6 Re8
37.Rxe8 Bxe8 38.Be3 Bd7 39.Ke5 Bc8 40.Bd4 Bb7 41.Kxf5 b4 42.cxb4 Kb5 43.g4 Bc8+
44.Kf4  1-0

[Event "FSGM April"]
[Site "Budapest HUN"]
[Date "2005.04.06"]
[Round "5"]
[White "Karatorossian,D"]
[Black "Farago,I"]
[Result "1-0"]
[WhiteElo "2384"]
[BlackElo "2461"]

1.e4 e6 2.d4 d5 3.Nc3 Bb4 4.e5 Ne7 5.Ne2 b6 6.a3 Bxc3+ 7.Nxc3 Ba6 8.Bxa6 Nxa6
9.Qd3 Nb8 10.Bg5 Nbc6 11.O-O Qd7 12.Ne2 Nf5 13.g4 h6 14.Bd2 Nfe7 15.Ng3 g6
16.h3 a5 17.Be3 a4 18.Qd2 Na5 19.Bxh6 Nc4 20.Qf4 Nxb2 21.Kg2 Nc4 22.Bg5 Rh7
23.Ne2 O-O-O 24.Ng1 Rdh8 25.Bf6 g5 26.Qxg5 Rg8 27.Qc1 Rg6 28.Nf3 Ng8 29.Bg5 Kb7
30.Rd1 f6 31.exf6 Nxf6 32.Bxf6 Rxf6 33.Ne5 Nxe5 34.dxe5 Rfh6 35.Rd3 Qc6 36.Qd1 Qc4
37.Re3 Qc6 38.Rg3 Qc4 39.Qd3 Qf4 40.Re1 Rf7 41.Qe3 Rh8 42.Qxf4 Rxf4 43.Ree3 b5
44.Ref3 Rc4 45.g5 Rg8 46.g6 Rxc2 47.g7 d4 48.h4 Rc3 49.h5 d3 50.h6 d2 51.Rd3 b4
52.Rxd2  1-0

[Event "Belgrade Cup"]
[Site "Belgrade SCG"]
[Date "2005.04.07"]
[Round "3"]
[White "Trifunovic,Dr"]
[Black "Davidovic,L"]
[Result "1-0"]
[WhiteElo "2064"]
[BlackElo "2037"]

1.e4 e6 2.d4 d5 3.Nc3 Bb4 4.e5 Ne7 5.a3 Bxc3+ 6.bxc3 c5 7.Bd3 Qc7 8.Nf3 Bd7
9.O-O Ba4 10.Rb1 Nd7 11.Re1 Rc8 12.Be3 cxd4 13.cxd4 Nb6 14.Re2 Nc4 15.Bc1 b6
16.Qe1 a5 17.Nd2 Ng6 18.g3 O-O 19.Bxc4 dxc4 20.c3 Bc6 21.f4 Ba8 22.Ne4 Qc6
23.h3 f5 24.exf6 gxf6 25.Kh2 h6 26.a4 f5 27.Nd2 Kf7 28.Rb5 Rg8 29.d5 exd5
30.Nf3 Rge8 31.Ne5+ Nxe5 32.fxe5 Re6 33.Qf1 d4 34.cxd4 Rg6 35.Qxf5+ Ke8 36.Bf4 c3
37.e6  1-0

[Event "Belgrade Cup"]
[Site "Belgrade SCG"]
[Date "2005.04.09"]
[Round "5"]
[White "Karaklajic,N"]
[Black "Jovic,A"]
[Result "1/2-1/2"]
[WhiteElo "2365"]
[BlackElo "2417"]

1.e4 e6 2.d4 d5 3.Nc3 Bb4 4.e5 Ne7 5.Qg4 Kf8 6.a3 Bxc3+ 7.bxc3 c5 8.a4 Qc7
9.Ne2 b6 10.h4 Ba6 11.h5 h6 12.Rh3 Kg8 13.a5 bxa5 14.Ba3 Nd7 15.Nf4 Qc6 16.Bxa6 Qxa6
17.Nd3 Rb8 18.Nxc5 Nxc5 19.Bxc5 Nc6 20.Rg3 Rh7 21.f4 Qb5 22.Kd2 a4 23.Qe2 a6
24.Bd6 Rb7 25.f5 exf5 26.Qf3 Na5 27.Qxf5 Nc4+ 28.Ke1 Qe8 29.Bc5 Rc7 30.Kf2 g6
31.hxg6 Rg7 32.Qh3 Nd2 33.Kg1 fxg6 34.Qxh6 Ne4 35.Re3 Rh7 36.Qf4 Rcf7 37.Rxe4 Rxf4
38.Rxf4 Rf7 39.Rxf7 Kxf7 40.Rf1+ Kg7 41.Rf6 Qc8 42.Rf1 g5 43.Re1 Qe6 44.Ra1  1/2-1/2

[Event "2nd Open"]
[Site "Porto Carras GRE"]
[Date "2005.04.26"]
[Round "6"]
[White "Makka,I"]
[Black "Hering,E"]
[Result "1/2-1/2"]
[WhiteElo "2250"]
[BlackElo "2046"]

1.e4 e6 2.d4 d5 3.Nc3 Bb4 4.e5 Ne7 5.Bd2 c5 6.f4 Nbc6 7.Nb5 Bxd2+ 8.Qxd2 O-O
9.dxc5 f6 10.exf6 gxf6 11.Nf3 e5 12.fxe5 fxe5 13.O-O-O Bf5 14.Qe1 b6 15.Nxe5 bxc5
16.Qg3+ Kh8 17.Nxc6 Nxc6 18.Bd3 d4 19.Bxf5 Rxf5 20.Rhf1 Rg5 21.Qf4 Rg6 22.Qd2 Qg8
23.b3 Rxg2 24.Rf2 Rg6 25.Na3 Nb4 26.Kb1 Nd5 27.Kb2 Nc3 28.Re1 Rb8 29.Qf4 Rc8
30.Qe5+ Qg7 31.Qe8+ Rxe8 32.Rxe8+ Qg8 33.Rff8 Qxf8 34.Rxf8+ Kg7 35.Rc8 Rg2
36.Rxc5 Rxh2 37.Rc4 Ne2 38.Ra4 h5 39.Rxa7+ Kg6 40.Nc4 Nf4 41.Ne5+ Kf6 42.Nf3 Nd3+
43.Ka3 Rxc2 44.Nxd4 Rc8 45.Ra5  1/2-1/2

[Event "7th Rector Cup w"]
[Site "Kharkiv UKR"]
[Date "2005.04.28"]
[Round "9"]
[White "Doluhanova,E"]
[Black "Maiko,J"]
[Result "1-0"]
[WhiteElo "2251"]
[BlackElo "2211"]

1.e4 e6 2.d4 d5 3.Nc3 Bb4 4.e5 Qd7 5.Bd2 b6 6.a3 Bxc3 7.Bxc3 Ba6 8.Bxa6 Nxa6
9.Qg4 f5 10.Qh5+ Qf7 11.Qe2 Nb8 12.Nh3 Ne7 13.O-O-O O-O 14.Ng5 Qg6 15.h4 c5
16.f4 Nec6 17.dxc5 bxc5 18.Qb5 c4 19.Qb7 Qe8 20.Qxa8 Qd7 21.Nxe6 Qxe6 22.Qb7 Rd8
23.g4 fxg4 24.f5 Qxf5 25.e6 Qf4+ 26.Kb1 d4 27.Rhf1 Qd6 28.Qf7+ Kh8 29.Bxd4  1-0

[Event "Open A"]
[Site "Djakovo CRO"]
[Date "2005.05.01"]
[Round "1"]
[White "Berescu,A"]
[Black "Karahmetovic,A"]
[Result "1/2-1/2"]
[WhiteElo "2439"]
[BlackElo "2254"]

1.e4 e6 2.d4 d5 3.Nc3 Bb4 4.e5 Ne7 5.a3 Bxc3+ 6.bxc3 c5 7.Qg4 Qc7 8.Qxg7 Rg8
9.Qxh7 cxd4 10.Ne2 Nbc6 11.f4 dxc3 12.Qd3 d4 13.Ng3 Bd7 14.Ne4 Nxe5 15.Nf6+ Kd8
16.Qxd4 N5c6 17.Qxc3 Nd5 18.Nxd5 exd5 19.Qf6+ Kc8 20.Bd2 Re8+ 21.Kd1 Bg4+
22.Kc1 Be2 23.Bxe2 Rxe2 24.Kd1 Re6 25.Qc3 Kd7 26.Rb1 Rae8 27.Rb5 d4 28.Qh3 Kc8
29.Re1 Qd7 30.Rxe6 Rxe6 31.Rh5 b6 32.Rh6 Rxh6 33.Qxh6 Qg4+  1/2-1/2

[Event "Open A"]
[Site "Djakovo CRO"]
[Date "2005.05.05"]
[Round "7"]
[White "Armanda,I"]
[Black "Karahmetovic,A"]
[Result "1-0"]
[WhiteElo "2340"]
[BlackElo "2254"]

1.e4 e6 2.d4 d5 3.Nc3 Bb4 4.e5 Ne7 5.a3 Bxc3+ 6.bxc3 c5 7.Nf3 Nbc6 8.Bd3 Qa5
9.Bd2 Bd7 10.dxc5 f6 11.c4 Qc7 12.cxd5 Nxd5 13.O-O f5 14.Bc4 Nce7 15.Bb3 Qc8
16.c4 Nc7 17.Bg5 h6 18.Bxe7 Kxe7 19.Nh4 Re8 20.Rb1 Bc6 21.Ba4 Rd8 22.Qb3 Be4
23.Rbd1 Kf7 24.Qg3 g5 25.Nf3 Bc6 26.Bxc6 bxc6 27.Nd4 Na6 28.Qe3 Rb8 29.h4 Rg8
30.hxg5 hxg5 31.Nf3 g4 32.Ng5+ Kg6 33.Nxe6  1-0

[Event "ch-FRA National 1"]
[Site "Lille FRA"]
[Date "2005.05.05"]
[Round "8"]
[White "Sermier,G"]
[Black "Deslandes,P"]
[Result "1-0"]
[WhiteElo "2373"]
[BlackElo "2276"]

1.e4 e6 2.d4 d5 3.Nc3 Bb4 4.e5 Ne7 5.a3 Bxc3+ 6.bxc3 c5 7.Qg4 O-O 8.Bd3 f5
9.exf6 Rxf6 10.Bg5 Rf7 11.Qh5 g6 12.Qd1 c4 13.Be2 Qf8 14.Nf3 h6 15.Bxe7 Rxe7
16.Ne5 Kh7 17.O-O Bd7 18.Bg4 Ba4 19.Re1 Nd7 20.Nxd7 Bxd7 21.Qd2 Qf6 22.Re5 Rae8
23.Rae1 Qh4 24.Bf3 Qf6 25.R1e3 Kg7 26.Qe2 Kf8 27.Bh5 Rf7 28.Bg4 Kg7 29.Bxe6 Bxe6
30.Rxe6 Rxe6 31.Rxe6 Qf4 32.Qe5+ Qxe5 33.Rxe5 Rf6 34.Rxd5 Ra6 35.Kf1 Rxa3
36.Ke2 Rxc3 37.Kd2 Ra3 38.Rd7+ Kf6 39.Rxb7 Ke6 40.Rg7 Kf6 41.Rc7 Ra4 42.Kc3 Ra1
43.Rxc4 Rf1 44.Rc6+ Kf7 45.f3 Rf2 46.Ra6 Rxg2 47.Rxa7+ Ke6 48.Kd3 Rf2 49.c4 Rxf3+
50.Ke4 Rh3 51.Ra6+ Kf7 52.Ra2  1-0

[Event "Open A"]
[Site "Djakovo CRO"]
[Date "2005.05.06"]
[Round "8"]
[White "Sulc,D"]
[Black "Fucak,E"]
[Result "1-0"]
[WhiteElo "2301"]
[BlackElo "2309"]

1.e4 e6 2.d4 d5 3.Nc3 Bb4 4.e5 b6 5.Qg4 Bf8 6.Be3 h5 7.Qf3 Ba6 8.Bxa6 Nxa6
9.Nge2 f5 10.Nf4 Qd7 11.Nxh5 Nb4 12.O-O-O Qf7 13.Nf4 g5 14.Nd3 f4 15.Bd2 Kd7
16.Kb1 Nh6 17.Nxb4 Bxb4 18.Nxd5 exd5 19.Bxb4 a5 20.e6+ Qxe6 21.Rhe1 Qc6 22.Be7 Rag8
23.Re5 g4 24.Qxf4 Rg7 25.Bg5 Kc8 26.Rde1 Nf7 27.Re6 Qd7 28.Re7 Nxg5 29.Rxd7 Kxd7
30.Qf5+  1-0

[Event "ch-FRA National 1"]
[Site "Lille FRA"]
[Date "2005.05.08"]
[Round "11"]
[White "Luther,T"]
[Black "Housieaux,D"]
[Result "1-0"]
[WhiteElo "2524"]
[BlackElo "2339"]

1.e4 e6 2.d4 d5 3.Nc3 Bb4 4.e5 Ne7 5.a3 Bxc3+ 6.bxc3 b6 7.Qg4 Ng6 8.h4 h5
9.Qg3 Ba6 10.Bxa6 Nxa6 11.Bg5 Qd7 12.a4 Qc6 13.Qf3 Qc4 14.Ne2 c5 15.O-O cxd4
16.cxd4 Ne7 17.Bxe7 Kxe7 18.Rfb1 Kf8 19.Rb3 Kg8 20.a5 Rb8 21.axb6 axb6 22.Rba3 Nb4
23.Ra8 Qc8 24.Rxb8 Qxb8 25.Qc3 Qf8 26.Ra4  1-0

[Event "Huila Centenary"]
[Site "Neiva COL"]
[Date "2005.05.11"]
[Round "3"]
[White "Gutierrez,JA"]
[Black "Uribe,M"]
[Result "0-1"]
[WhiteElo "2290"]
[BlackElo "2359"]

1.e4 e6 2.d4 d5 3.Nc3 Bb4 4.e5 Ne7 5.a3 Bxc3+ 6.bxc3 b6 7.a4 Ba6 8.Ne2 c5
9.Ng3 Bxf1 10.Rxf1 Qc7 11.Qd3 Nd7 12.f4 Rc8 13.Ra2 cxd4 14.cxd4 Qc4 15.Qxc4 Rxc4
16.a5 b5 17.Bd2 Nc6 18.c3 Ra4 19.Rxa4 bxa4 20.c4 dxc4 21.Bc3 O-O 22.Kd2 f6
23.exf6 Nxf6 24.Re1 Rd8 25.Ne2 Ne4+ 26.Kc2 Kf7 27.Ra1 Ne7 28.Rxa4 Nd5 29.Bd2 Rc8
30.Bc1 h5 31.Ng1 Nec3 32.Ra3 Nb5 33.Rh3 Nxd4+ 34.Kd1 c3 35.Ne2 Nxe2 36.Kxe2 Rc5
37.f5 exf5 38.Rxh5 Kg6 39.Rg5+ Kf6 40.Rg3 Rxa5 41.Kd3 Ra1 42.Bg5+ Ke5 43.Kc4 f4
44.Rd3  0-1

[Event "30th Elekes Mem GM"]
[Site "Budapest HUN"]
[Date "2005.05.23"]
[Round "3"]
[White "Fogarasi,T"]
[Black "Boros,De"]
[Result "1-0"]
[WhiteElo "2462"]
[BlackElo "2402"]

1.e4 e6 2.d4 d5 3.Nc3 Bb4 4.e5 Ne7 5.Bd2 c5 6.a3 Bxc3 7.Bxc3 Nbc6 8.Nf3 cxd4
9.Bxd4 Nf5 10.c3 Bd7 11.Be2 Ncxd4 12.Nxd4 Nxd4 13.Qxd4 Qb6 14.Qxb6 axb6 15.Rd1 Ra4
16.Rd4 Ke7 17.f4 h5 18.Kd2 g6 19.Ke3 Rc8 20.Rhd1 Rxd4 21.Rxd4 Kd8 22.Kf2 b5
23.Rb4 Rc5 24.Kg3 Ke7 25.Bd3 b6 26.Kh4 Kf8 27.Kg5 Kg7 28.Rd4 Rc8 29.h3 Ra8
30.Rb4 Ra4 31.Rxa4 bxa4 32.g4 hxg4 33.hxg4 b5 34.f5 gxf5 35.gxf5 exf5 36.Bxf5 Be6
37.Bd3 Bd7 38.Be2 Be8 39.Bg4 Bc6 40.Bc8 Kf8 41.Kf6 Ke8 42.Bg4 d4 43.cxd4 Kf8
44.e6 Bd5 45.e7+ Ke8 46.Be2 Bc6 47.d5 Bd7 48.Bh5  1-0

[Event "14th CRO-Cup"]
[Site "Sibenik CRO"]
[Date "2005.06.03"]
[Round "7"]
[White "Palac,M"]
[Black "Dizdar,G"]
[Result "1/2-1/2"]
[WhiteElo "2574"]
[BlackElo "2524"]

1.e4 e6 2.d4 d5 3.Nc3 Bb4 4.e5 b6 5.Qg4 Bf8 6.Nh3 Qd7 7.Nf4 Ba6 8.Bxa6 Nxa6
9.Qe2 Nb4 10.O-O Ne7 11.Rd1 g6 12.b3 Nf5 13.g4 Ng7 14.a3 Nc6 15.h3  1/2-1/2

[Event "TCh-BIH Prem"]
[Site "Neum BIH"]
[Date "2005.06.10"]
[Round "7"]
[White "Stojanovic,Da"]
[Black "Drasko,M"]
[Result "1/2-1/2"]
[WhiteElo "2452"]
[BlackElo "2510"]

1.e4 e6 2.d4 d5 3.Nc3 Bb4 4.e5 Ne7 5.a3 Bxc3+ 6.bxc3 c5 7.Nf3 Qc7 8.Bd2 b6
9.Bb5+ Bd7 10.a4 Bxb5 11.axb5  1/2-1/2

[Event "St Petersburg vs Moscow"]
[Site "St Petersburg RUS"]
[Date "2005.06.15"]
[Round "2"]
[White "Vitiugov,N"]
[Black "Potkin,V"]
[Result "1-0"]
[WhiteElo "2482"]
[BlackElo "2552"]

1.e4 e6 2.d4 d5 3.Nc3 Bb4 4.e5 Ne7 5.a3 Bxc3+ 6.bxc3 c5 7.Qg4 O-O 8.Bd3 Nbc6
9.Qh5 Ng6 10.Nf3 Qc7 11.Be3 Nce7 12.g4 Bd7 13.dxc5 f6 14.Bd4 Be8 15.Qh3 Nc6
16.exf6 gxf6 17.Be3 e5 18.Bf5 Nce7 19.Qg3 Qa5 20.O-O Kh8 21.Bxg6 Nxg6 22.g5 Rg8
23.h4 Qxc3 24.Kh2 d4 25.Bd2 Qxc2 26.gxf6 Qf5 27.Rae1 Bc6 28.f7 Qxf3 29.fxg8=Q+ Rxg8
30.Qxf3 Bxf3 31.Rg1 Rf8 32.Bh6 Rf5 33.Rg5 Rxg5 34.Bxg5 Kg8 35.Kg3 e4 36.Rb1 Ne5
37.Rxb7 e3 38.Rb8+ Kf7 39.fxe3 d3 40.e4 Bxe4 41.Kf2 Nc4 42.Ke1 Ke6 43.Re8+ Kd5
44.c6 Bf5 45.c7 Nd6 46.Rf8 Bg4 47.Kd2 Kc6 48.Bf4 Nc8 49.Kxd3 h5 50.Rg8 Be6
51.Rg5  1-0

[Event "III Open"]
[Site "Bajada de la Virgen ESP"]
[Date "2005.06.17"]
[Round "7"]
[White "Kogan,Ar"]
[Black "Rodriguez Guerrero,E"]
[Result "1-0"]
[WhiteElo "2592"]
[BlackElo "2449"]

1.e4 e6 2.d4 d5 3.Nc3 Bb4 4.e5 Ne7 5.a3 Bxc3+ 6.bxc3 c5 7.Nf3 Qa5 8.Bd2 Bd7
9.a4 Nbc6 10.Bb5 a6 11.Bd3 c4 12.Be2 f6 13.exf6 gxf6 14.O-O O-O-O 15.Qc1 Nf5
16.Qa3 Qc7 17.Rab1 Nce7 18.Rfe1 Ng6 19.Qb4 Bc6 20.Bf1 Rhe8 21.g3 Nd6 22.Bh6 Nf5
23.Bc1 h5 24.Bh3 Bd7 25.Ba3 Nge7 26.Qb2 Rg8 27.Bxe7 Nxe7 28.Bxe6 Rgf8 29.Nh4 Kb8
30.Bxd7 Rxd7 31.Rxe7  1-0

[Event "Marx Gyorgy Open"]
[Site "Paks HUN"]
[Date "2005.06.18"]
[Round "5"]
[White "Veszpremi,A"]
[Black "Fodor,T jr"]
[Result "1-0"]
[WhiteElo "2040"]
[BlackElo "2269"]

1.e4 e6 2.d4 d5 3.Nc3 Bb4 4.e5 Ne7 5.a3 Bxc3+ 6.bxc3 c5 7.Qg4 Qc7 8.Qxg7 Rg8
9.Qxh7 cxd4 10.Ne2 Nbc6 11.f4 Bd7 12.Qd3 dxc3 13.Nxc3 a6 14.Rb1 Na5 15.g3 Rc8
16.Bd2 Nc4 17.Rb3 b5 18.Bg2 Qc5 19.Ne2 a5 20.Nd4 Nc6 21.Nxc6 Bxc6 22.f5 Nxe5
23.Qe2 f6 24.Bxa5 Rg5 25.Bb4 Qb6 26.Bd2 Rxf5 27.g4 Nd3+ 28.Rxd3 Re5 29.Re3 d4
30.Rxe5 fxe5 31.O-O d3+ 32.Qf2 Qxf2+ 33.Rxf2 Bxg2 34.Kxg2 Rxc2 35.Bb4 Rc4
36.Kf3 Kd7 37.h3 Kc6 38.Ke3 e4 39.g5 Kd5 40.g6 Rc1 41.Rf4 Rh1 42.g7 Rxh3+
43.Kf2 e3+ 44.Kg2  1-0